Vietnam Financilal sector review : An agenda for financial sector development

Wedi'i Gadw mewn:
Manylion Llyfryddiaeth
Fformat: Llyfr
Iaith:Undetermined
Cyhoeddwyd: World Bank 1995
Pynciau:
Tagiau: Ychwanegu Tag
Dim Tagiau, Byddwch y cyntaf i dagio'r cofnod hwn!
Thư viện lưu trữ: Trung tâm Học liệu Trường Đại học Cần Thơ
LEADER 00452nam a2200157Ia 4500
001 CTU_149597
008 210402s9999 xx 000 0 und d
082 |a 332.1 
082 |b V656 
245 0 |a Vietnam Financilal sector review : 
245 3 |b An agenda for financial sector development 
260 |b World Bank 
260 |c 1995 
650 |a Financial,Tài chính 
904 |i Nguyên 
980 |a Trung tâm Học liệu Trường Đại học Cần Thơ